[Event "4th Shamkir Chess 2017"]
[Site "Shamkir"]
[Date "2017.04.22"]
[Round "2"]
[White "Wojtaszek, Radoslaw"]
[Black "Topalov, Veselin"]
[Result "0-1"]
[WhiteElo "2745"]
[BlackElo "2741"]
[Annotator "TA"]
[PlyCount "68"]
[EventDate "2017.??.??"]
[EventType "tourn"]
[EventCountry "AZE"]
[SourceTitle "playchess.com"]
[Source "ChessBase"]
[SourceQuality "1"]

{[%evp 14,68,33,28,22,14,20,8,25,8,12,4,17,-38,0,0,0,0,-19,-7,60,-31,-42,-39,-39,-147,-131,-123,-118,-197,-145,-139,-67,-66,-76,-70,-72,-589,-462,-451,-433,-571,-562,-584,-592,-1250,-1222,-1044,-500,-487,-431,-394,-412,-392,-366,-378,-373]} 1. d4 d5 2. c4 c6 3. Nf3 Nf6 4. e3 Bf5 5. Nc3 e6 6. Nh4 Bg6 7. Nxg6 hxg6 8. Bd3 {LiveBook: 141 Games} c5 {D12: Slav Defence: 3 Nf3 Nf6 4 e3 Bf5} 9. Qb3 {Threatens to win with cxd5.} Qd7 10. cxd5 exd5 {The position is equal.} 11. dxc5 Nc6 $146 (11... Bxc5 12. Qb5 Qxb5 13. Nxb5 Kd7 14. O-O Nc6 15. Rd1 Ke7 16. Bd2 Bb4 17. Nc3 Rac8 18. Rac1 Rhd8 19. a3 Bd6 20. Ne2 Ne5 {½-½ (20) Kramnik,V (2744)-Gelfand,B (2724) Saint Vincent 2005}) 12. Bd2 Bxc5 13. Rc1 (13. Ne2 $11) 13... Rd8 {aiming for ...d4.} 14. Na4 Bd6 15. Nc5 Bxc5 $1 16. Rxc5 d4 (16... a6 $11) 17. Bb5 ({White should play} 17. e4 $14) 17... O-O $15 {White must now prevent ...Ne4.} 18. Bxc6 bxc6 19. f3 (19. Qc2 $15) 19... Qe7 20. Rc2 Nd5 $1 $36 {[%cal Rd4e3][%mdl 2048] Black has strong initiative.} 21. Kf2 (21. e4 $17 {was worth a try.} f5 22. O-O (22. Ba5 $2 Rb8 23. Qd3 Ne3 $19) 22... fxe4 23. Rxc6) 21... Rb8 ({Black should try} 21... dxe3+ $19 22. Bxe3 Rfe8) 22. Qa3 $17 Rxb2 (22... dxe3+ $17 23. Bxe3 Qe5) 23. Qxb2 $15 ({Wrong is} 23. Qxe7 $2 Rxc2 24. Qe5 Rxd2+ 25. Kg3 Nxe3 $19) 23... dxe3+ 24. Bxe3 Qxe3+ 25. Kg3 $2 {[%mdl 8192]} (25. Kf1 $17) 25... Qf4+ $19 26. Kf2 {[#]} Rb8 $1 {[%cal Rb8b2]} 27. Qc1 {And now Qxf4 would win.} Qd4+ 28. Kg3 Ne3 29. Rc5 Rb2 30. Rg1 {[#]} Rxa2 (30... Rc2 $142 $1 {[%mdl 512]} 31. Qxe3 (31. Rxc2 Nf5+) 31... Qxe3 32. Rxc2 Qxg1 33. Rxc6 Qe1+ 34. Kh3 Qa5) 31. h3 {intending Kh2.} Qd6+ 32. f4 Qd3 {( -> ...Nf1+). Black is winning.} 33. Kh2 {Hoping for Rc3.} Qe4 $1 {[%csl LRf4,LRg2][%cal Ra2g2]} 34. Rg5 Rc2 0-1

[Event "4th Shamkir Chess 2017"]
[Site "Shamkir"]
[Date "2017.04.23"]
[Round "3"]
[White "So, Wesley"]
[Black "Wojtaszek, Radoslaw"]
[Result "1/2-1/2"]
[WhiteElo "2822"]
[BlackElo "2745"]
[Annotator "TA"]
[PlyCount "80"]
[EventDate "2017.??.??"]
[EventType "tourn"]
[EventCountry "AZE"]
[SourceTitle "playchess.com"]
[Source "ChessBase"]
[SourceQuality "1"]

{[%evp 13,80,0,0,-10,0,0,4,14,6,0,0,-1,4,0,8,0,29,10,3,13,18,8,8,14,10,8,14,23,26,0,20,0,0,0,0,0,0,0,0,0,35,0,0,0,0,0,0,0,0,0,0,0,0,0,0,0,0,0,0,0,0,0,0,0,0,0,0,0,0]} 1. Nf3 d5 2. d4 Nf6 3. Bf4 Bf5 4. e3 e6 5. c4 Bxb1 6. Qxb1 {D02: 1 d4 d5 2 Nf3 sidelines, including 2...Nf6 3 g3 and 2...Nf6 3 Bf4} Bb4+ 7. Kd1 Bd6 {LiveBook: 3 Games} 8. Bg5 h6 $146 (8... c5 9. cxd5 exd5 10. Bb5+ Nc6 11. dxc5 Bxc5 12. Bxc6+ bxc6 13. Qc2 Be7 14. Qxc6+ {1-0 (26) Carlsen,M (2838)-Finegold,B (2481) chess.com INT 2017}) 9. Bxf6 Qxf6 10. c5 Bf8 11. Qc2 c6 12. b4 a6 13. Bd3 Nd7 14. Ke2 g5 15. h3 Bg7 16. a4 Qe7 17. Rad1 O-O 18. g4 e5 19. Bh7+ Kh8 {[#] ...e4 is the strong threat.} 20. Bf5 exd4 21. h4 Ne5 22. Nxd4 {Black must now prevent hxg5.} gxh4 23. Bd3 Qg5 ({Of course not} 23... Nxg4 $6 24. Nf5 Qg5 25. Rxh4 $16) 24. Rdg1 {[#] Hoping for f4.} Nxd3 25. Qxd3 Bxd4 26. Qxd4+ Qg7 27. Qd2 Qf6 {The position is equal.} 28. g5 hxg5 {Threatens to win with ...Rae8.} 29. f4 Rg8 $1 30. fxg5 Qe5 $1 (30... Rxg5 31. Rxh4+ Kg8 32. Rxg5+ Qxg5 33. Qd4 Qg2+ 34. Kd3 Qf1+ 35. Kd2 (35. Kc3 Qa1+ 36. Kd3 Qd1+ 37. Kc3 Qxd4+ 38. exd4 Re8 $17) 35... Qf2+ 36. Kc3 Qe1+ 37. Kb2 Qe2+ 38. Ka3 $18) 31. Rxh4+ Kg7 32. g6 Rh8 33. gxf7+ $40 {[%mdl 128] Black needs to defend precisely.} Kxf7 34. Qd4 Qxd4 35. Rxd4 $11 {[%mdl 4096] Endgame With the idea Rf4+. KRR-KRR} Rag8 36. Rf1+ Ke7 37. Rdf4 Rf8 38. Rxf8 Rxf8 39. Rxf8 Kxf8 40. e4 dxe4 1/2-1/2

[Event "4th Shamkir Chess 2017"]
[Site "Shamkir"]
[Date "2017.04.23"]
[Round "3"]
[White "Karjakin, Sergey"]
[Black "Adams, Michael"]
[Result "0-1"]
[WhiteElo "2783"]
[BlackElo "2761"]
[Annotator "TA"]
[PlyCount "78"]
[EventDate "2017.??.??"]
[EventType "tourn"]
[EventCountry "AZE"]
[SourceTitle "playchess.com"]
[Source "ChessBase"]
[SourceQuality "1"]

{[%evp 9,78,22,22,8,11,0,0,0,0,0,0,0,13,18,19,4,10,0,0,0,0,0,0,-15,-13,-20,-6,-17,0,0,-8,-44,-7,-44,-28,-18,13,-31,-20,-20,0,0,0,0,0,-20,0,0,0,0,0,0,0,-13,-22,-64,15,12,17,0,0,0,0,0,0,-26,-26,-27,-30,-189,-164]} 1. d4 Nf6 2. c4 e6 3. Nf3 d5 4. Nc3 a6 5. cxd5 exd5 6. Bf4 {D37: Queen's Gambit Declined: 5 Bf4} Bd6 7. Bg3 O-O 8. e3 {The position is equal.} Bf5 9. Qb3 Bxg3 10. hxg3 (10. Qxb7 $2 Bxf2+ $1 {[%mdl 512]} 11. Kxf2 Nbd7 12. Nxd5 Be4 13. Nxf6+ Nxf6 $17) 10... Nc6 11. Be2 $146 ({Reject} 11. Qxb7 Qd6 12. Qb3 Rab8 $17) (11. Nh4 Bg4 12. Bd3 Re8 13. O-O Rb8 {½-½ (32) Anton Guijarro,D (2650)-Adams,M (2751) Caleta 2017}) 11... Qd6 12. O-O Ne7 13. Ne5 h5 14. Rfc1 Ng4 15. Na4 ({Don't consider} 15. Qxb7 $2 Rfb8 16. Ne4 Rxb7 $19) 15... b6 16. Qc3 Rfc8 17. Nd3 Bd7 18. b3 Ng6 19. Qb4 {Threatens to win with Qxd6.} Qf6 20. Nc3 Qf5 21. a4 a5 22. Qa3 Nf6 23. Ra2 Qg5 24. Ne1 c5 25. Nf3 Qh6 26. dxc5 Rxc5 27. Nb5 Rac8 28. Rxc5 Rxc5 29. b4 axb4 30. Qxb4 Ne4 {aiming for ...h4.} 31. Bf1 h4 32. gxh4 Bxb5 ({Better is} 32... Nxh4 $15 33. Nxh4 Qxh4) 33. axb5 $11 {Black should prevent g3.} Nxh4 34. Nxh4 Qxh4 35. Qd4 Rc1 36. Qe5 {Intending Ra8+ and mate.} Qd8 37. Qf5 g6 38. Qe5 Qc8 {...Rxf1+! is the strong threat.} 39. g3 $2 {[#]} (39. Qb2 $11 {and White is okay.}) 39... Rxf1+ $1 {[%mdl 512]} 0-1

[Event "4th Shamkir Chess 2017"]
[Site "Shamkir"]
[Date "2017.04.23"]
[Round "3"]
[White "Eljanov, Pavel"]
[Black "Mamedyarov, Shakhriyar"]
[Result "0-1"]
[WhiteElo "2751"]
[BlackElo "2772"]
[Annotator "TA"]
[PlyCount "132"]
[EventDate "2017.??.??"]
[EventType "tourn"]
[EventCountry "AZE"]
[SourceTitle "playchess.com"]
[Source "ChessBase"]
[SourceQuality "1"]

{[%evp 21,132,52,47,25,52,51,51,51,43,45,57,25,48,57,47,0,0,0,15,12,31,24,29,0,0,0,-3,0,30,0,0,7,6,0,0,3,0,-15,-7,-15,-10,-28,31,29,29,29,29,29,20,31,34,30,7,7,18,12,151,132,128,134,151,154,147,175,174,174,376,0,0,0,0,0,0,0,0,0,0,0,0,0,0,-69,0,0,0,0,0,-57,-61,-71,-75,-177,-207,-193,-193,-161,-8,-8,0,-183,-189,-325,-318,-405,-396,-417,-403,-29966,-29968,-29968,-29969,-29954,-29948]} 1. Nf3 Nf6 2. g3 g6 3. Bg2 Bg7 4. O-O O-O 5. d4 d6 6. c4 Nbd7 7. Nc3 e5 8. e4 exd4 9. Nxd4 Re8 10. b3 a6 11. Be3 Rb8 {LiveBook: 7 Games. E68: King's Indian: Fianchetto: 6...Nbd7 7 0-0 e5 8 e4} 12. a4 $146 (12. f3 Ne5 13. a4 Bd7 14. h3 Qc8 15. Kh2 c5 16. Nde2 b5 17. cxb5 axb5 18. Qxd6 b4 19. Nb5 Bxb5 20. axb5 Rxb5 {0-1 (36) Rodshtein,M (2678)-Adhiban,B (2627) Benasque 2015}) 12... a5 13. Ndb5 b6 {White is slightly better.} 14. Qc2 Nc5 15. Rad1 Bb7 {[%cal Rf6e4]} 16. f3 Qe7 17. Rfe1 Rbd8 18. Bf2 c6 19. Nd4 Qc7 20. g4 Nfd7 21. Bh4 Bf6 22. Bg3 Na6 23. Na2 Ndc5 24. f4 Qe7 25. g5 Bg7 26. h4 f6 27. gxf6 Bxf6 (27... Qxf6 $6 28. e5 dxe5 29. fxe5 $16) 28. h5 Qg7 29. Bf2 Nc7 30. hxg6 hxg6 31. Nc3 {[%cal Ba2c3,Bc3e2,Be2d4][%mdl 32]} N7e6 (31... Rd7 $11) 32. Nce2 $14 Nxd4 33. Nxd4 Rd7 34. Nf3 Bc8 {[#]} 35. e5 $1 {[%mdl 512]} dxe5 36. fxe5 Rxd1 37. Qxd1 Be7 38. Nd4 $36 {[%mdl 2048] White fights for an advantage.} Bg5 (38... Qh6 $11) 39. Bxc6 $16 Rf8 (39... Rxe5 $2 40. Rxe5 Qxe5 41. Nf3 $18 (41. Bd5+ Kh7 $11)) 40. Nf3 Qh6 41. Bxc5 $1 bxc5 42. Qd5+ Kg7 {[#]} 43. e6 $1 {[%cal Re6e7]} (43. Qxc5 Qh5 44. Re2 (44. Nxg5 $2 Qxg5+ 45. Bg2 Bb7 46. Qc7+ Rf7 47. Qxf7+ Kxf7 $19) 44... Rxf3 45. Bxf3 Qxf3 46. Qc7+ Kh6 47. Qxc8 Be3+ 48. Rxe3 Qxe3+ 49. Kh1 Qe1+ 50. Kh2 Qe2+ 51. Kh3 (51. Kg3 Qe3+ 52. Kg4 Qe2+ 53. Kh4 Qh2+ 54. Qh3 Qf4+ 55. Qg4 Qh2+ 56. Qh3 Qf4+ 57. Qg4 Qh2+ 58. Qh3 $11) 51... Qf3+ 52. Kh2 Qe2+ 53. Kh3 (53. Kg3 Qe3+ 54. Kh4 Qg5+ 55. Kh3 Qe3+ 56. Kh4 Qg5+ 57. Kh3 Qe3+ 58. Kh2 Qe2+ $11) 53... Qf3+ 54. Kh2 Qe2+ $11) 43... Rf5 $2 (43... Be3+ $2 44. Kg2 Rf5 45. Qd6 Bxe6 46. Qxe6 $18) (43... Be7) 44. Re5 $2 (44. Qd6 Qh3 $18) ({White must play} 44. e7 $18 Rxd5 45. e8=Q) 44... Qh3 $11 {Hoping for ...Qg3+.} 45. Qxc5 {Black must now prevent Rxf5.} Qg3+ 46. Kf1 $1 Rxf3+ 47. Bxf3 Qxf3+ 48. Qf2 Qd1+ 49. Qe1 $1 {[%cal Re1d1]} (49. Re1 Qd3+ 50. Kg1 Bf6 $17) 49... Qd3+ (49... Qf3+ $5 50. Qf2 $8 Qh1+ 51. Qg1 (51. Ke2 Qh5+ 52. Kf1 Qh3+ 53. Qg2 Qd3+ 54. Qe2 Qh3+ 55. Qg2 Qd3+ 56. Qe2 Qc3 $11) 51... Qh3+ 52. Qg2 (52. Ke2 Bf6 53. Qa7+ Kh8 $17) 52... Qd3+ 53. Qe2 Qh3+ 54. Qg2 Qd3+ 55. Qe2 Qb1+ 56. Qe1 Qd3+ 57. Qe2 $11) 50. Qe2 Qg3 (50... Qh3+ $5 51. Qg2 $8 Qd3+ 52. Qe2 Qh3+ 53. Qg2 Qd3+ 54. Qe2 $11) 51. Qe4 (51. Rxa5 $11 Qh3+ 52. Qg2 Qd3+ 53. Qe2 Qh3+ 54. Qg2 Qd3+ 55. Qe2 Qh3+) 51... Qh3+ (51... Bf6 $15 52. Rb5 (52. Rxa5 Bxe6 53. Qxe6 Qf3+ 54. Kg1 Qd1+ 55. Kg2 Qd2+ 56. Kg3 Qxa5 57. Qd7+ Kf8 58. Qd6+ Kf7 59. Qd7+ Be7 60. Qd5+ Qxd5 61. cxd5 Bb4 $19) 52... Qh3+ 53. Kg1 Bxe6 54. Rb7+ Bf7) 52. Qg2 Qd3+ 53. Qe2 Qg3 (53... Qc3 $11 54. Rc5 (54. e7 $2 Qg3 55. Re6 Bxe6 56. Qxe6 Bh4 57. e8=N+ Kf8 $19) 54... Qh3+ 55. Qg2 Qd3+ 56. Qe2 Qb1+ 57. Qe1 Qd3+ 58. Qe2 Qb1+ 59. Qe1 Qd3+ 60. Qe2) 54. Qe4 $15 Bh4 {[%csl Gh4][%cal Rg3f2][%mdl 1024] Black has compensation.} 55. Qe3 {Threatens to win with Qxg3.} Qh2 56. Rd5 (56. Rb5 $17 {was worth a try.} Qh1+ 57. Ke2) 56... Qh1+ $19 57. Ke2 Qe1+ 58. Kf3 {Qxe1 is the strong threat.} Qg3+ $2 ({Black should try} 58... Bxe6 $19 {aiming for ...Qf1+.} 59. Qe5+ Kf7 60. Qc7+ Be7 61. Rxa5 Qf1+ 62. Ke3 Qe1+ 63. Kf3 Qf1+ 64. Ke3 Qg1+ 65. Kd2 Qd4+ 66. Kc2 Qe4+ 67. Kd2 Bf5) 59. Ke2 $11 {Strongly threatening Qxg3.} Qe1+ 60. Kd3 $2 (60. Kf3 $1 $11 {and White has nothing to worry.} Bxe6 61. Qe5+ Kf7 62. Qc7+ Be7 63. Rxa5) 60... Qd1+ $19 ({Don't play} 60... Bxe6 61. Qxe1 Bxe1 62. Rb5 $15) 61. Ke4 {[#]} (61. Qd2 $142 Qxb3+ 62. Qc3+ Qxc3+ 63. Kxc3) 61... Bb7 $1 (61... Qg4+ 62. Qf4 Qe2+ 63. Qe3 Qc2+ 64. Kf3 Bxe6 65. Rxa5 Qd1+ 66. Kg2 Qg4+ 67. Kh2 $17) 62. Ke5 Bxd5 ({And not} 62... Qa1+ 63. Kd6 Bxd5 64. cxd5 Qa3+ 65. Kc6 $14) 63. cxd5 Be7 64. Qa7 (64. Qf2 $19 Qa1+ 65. Ke4) 64... Qe2+ {Black mates.} 65. Kf4 g5+ 66. Kg3 Kf6 0-1

[Event "4th Shamkir Chess 2017"]
[Site "Shamkir"]
[Date "2017.04.23"]
[Round "3"]
[White "Topalov, Veselin"]
[Black "Kramnik, Vladimir"]
[Result "1/2-1/2"]
[WhiteElo "2741"]
[BlackElo "2811"]
[Annotator "TA"]
[PlyCount "70"]
[EventDate "2017.??.??"]
[EventType "tourn"]
[EventCountry "AZE"]
[SourceTitle "playchess.com"]
[Source "ChessBase"]
[SourceQuality "1"]

{[%evp 22,70,27,0,42,30,29,28,28,38,30,19,27,28,25,24,26,6,10,14,8,11,36,36,41,43,38,0,0,0,0,0,0,0,0,0,-10,0,0,0,0,0,0,0,0,0,0,0,0,-4,0]} 1. c4 e6 2. Nc3 d5 3. d4 Nf6 4. Bg5 Be7 5. e3 h6 6. Bh4 {[%cal Bg5h4,Bh4g3,Bg3e5,Be5d4][%mdl 32]} O-O 7. Nf3 Nbd7 8. Rc1 c5 {D63: Queen's Gambit Declined: Classical: 7 Rc1} 9. dxc5 Nxc5 10. cxd5 g5 11. Bg3 Nxd5 12. Nxd5 {LiveBook: 4 Games} Qxd5 (12... exd5 $5 {seems wilder.} 13. Be2 Qa5+ 14. Kf1 Qxa2 15. h4 g4) 13. Qxd5 exd5 14. Be2 Bd7 $146 (14... Ne4 15. Nd4 Bb4+ 16. Kd1 {½-½ (32) Wojtaszek,R (2741)-Lupulescu,C (2626) Germany 2016}) 15. O-O Rac8 16. Be5 g4 17. Nd4 h5 18. Nb5 f6 19. Bd4 Ne6 20. Nxa7 Ra8 21. Nb5 Rxa2 22. Bc3 Kf7 23. Rcd1 Bc6 24. f3 Bc5 {The position is equal.} 25. Kh1 Bxe3 {Hoping for ...Nf4.} 26. Nd6+ Kg8 {next ...Bc5 is good for Black.} 27. fxg4 Nf4 28. Nf5 {aiming for Bf3.} Nxe2 29. Nxe3 Nxc3 30. bxc3 hxg4 31. Rd4 (31. Nxg4 $2 d4 $1 {[%mdl 512]} 32. Rf2 Rxf2 33. Nxf2 dxc3 $19) 31... f5 32. Kg1 ({Much weaker is} 32. Nxd5 Re8 33. Nf6+ Kf8 34. Nxe8 Bxg2+ 35. Kg1 Bxf1 36. Kxf1 (36. Nd6 $2 Bh3 37. Nb5 Rg2+ 38. Kh1 Ra2 $19) 36... Kxe8 $17) ({Don't take} 32. Nxf5 $2 {[#]} Rxf5 $1 {[%mdl 512]} 33. Rxg4+ Kh7 $19) 32... Bb5 33. Rb1 Bc6 34. Rf1 Bb5 35. Rb1 Bc6 1/2-1/2

[Event "4th Shamkir Chess 2017"]
[Site "Shamkir"]
[Date "2017.04.23"]
[Round "3"]
[White "Radjabov, Teimour"]
[Black "Harikrishna, Pentala"]
[Result "1/2-1/2"]
[WhiteElo "2710"]
[BlackElo "2755"]
[Annotator "TA"]
[PlyCount "55"]
[EventDate "2017.??.??"]
[EventType "tourn"]
[EventCountry "AZE"]
[SourceTitle "playchess.com"]
[Source "ChessBase"]
[SourceQuality "1"]

{[%evp 29,55,10,10,0,12,4,15,0,0,0,0,0,0,0,0,0,0,0,0,0,0,0,0,0,0,0,0,0]} 1. d4 Nf6 2. c4 e6 3. Nf3 d5 4. Nc3 Bb4 5. Bg5 h6 6. Bxf6 Qxf6 7. e3 O-O 8. Rc1 dxc4 9. Bxc4 c5 10. O-O cxd4 11. Nxd4 Bd7 {D38: Queen's Gambit Declined: Ragozin Defence (4 Nf3 Bb4)} 12. Ne4 Qe7 13. Bd3 Nc6 14. Nb3 Na5 15. Rc7 Rfd8 {LiveBook: 3 Games. The position is equal.} 16. Nxa5 $146 (16. a3 Nxb3 17. Qxb3 Ba5 18. Rxb7 {½-½ (40) Gelfand,B (2744)-Giri,A (2776) Khanty-Mansiysk 2015}) 16... Bxa5 17. Rxb7 {Black should prevent Bb5.} Qf8 $1 {[#] aiming for ...Bc6.} 18. Qh5 Bb6 $1 19. Ng5 $1 f5 20. Bb5 Bxb5 21. Nxe6 Be8 22. Qf3 (22. Nxf8 $2 {loses.} Bxh5 23. Ne6 Rd2 24. Rxg7+ Kh8 $19) 22... Qf6 23. Rxg7+ ({Don't play} 23. Nxd8 Rxd8 24. Qf4 Bb5 $19) 23... Kh8 24. Qb7 Rab8 25. Rh7+ Kg8 26. Rg7+ $1 Kh8 27. Rh7+ Kg8 28. Rg7+ $1 1/2-1/2

[Event "4th Shamkir Chess 2017"]
[Site "Shamkir"]
[Date "2017.04.24"]
[Round "4"]
[White "Kramnik, Vladimir"]
[Black "Harikrishna, Pentala"]
[Result "1-0"]
[WhiteElo "2811"]
[BlackElo "2755"]
[Annotator "TA"]
[PlyCount "83"]
[EventDate "2017.??.??"]
[EventType "tourn"]
[EventCountry "AZE"]
[SourceTitle "playchess.com"]
[Source "ChessBase"]
[SourceQuality "1"]

{[%evp 16,83,14,0,27,0,25,32,30,18,35,22,30,24,28,14,29,26,17,19,20,10,29,0,0,0,-8,-27,5,-6,0,-50,-30,-95,-64,-184,-189,-179,-139,-151,-134,-116,-104,-141,-116,-113,-58,-60,-49,-45,-35,-77,11,10,88,31,44,0,291,306,519,523,743,739,706,706,1318,1218,1181,1068]} 1. e4 e5 2. Nf3 Nc6 3. Bb5 {[%cal Bf1b5,Bb5a4,Ba4b3][%mdl 32]} a6 4. Ba4 Nf6 5. O-O Be7 6. d3 b5 7. Bb3 d6 8. a3 O-O 9. Nc3 {[%cal Bb1c3,Bc3e2,Be2g3,Bg3f5][%mdl 32]} Nb8 {C77: Ruy Lopez: 3...a6 4 Ba4 Nf6, unusual lines} (9... Na5 10. Ba2 Be6 11. b4 Bxa2 12. Rxa2 Nc6 13. Bg5 Nd7 14. Be3 Nf6 15. Bg5 Nd7 16. Be3 Nf6 17. Qb1 {½-½ (51) Vachier Lagrave,M (2796)-Mamedyarov,S (2766) Sharjah 2017}) 10. Ne2 Nbd7 11. c3 Bb7 $146 {White is slightly better.} (11... Nb6 12. Ng3 c5 13. d4 Qc7 14. Re1 a5 15. h3 Bd7 16. Bd2 a4 17. Bc2 {0-1 (71) Kobalia,M (2646)-Kovalev,V (2562) Gjakova 2016}) 12. Ng3 c5 13. Re1 Rc8 14. Nf5 (14. Ba2 $5 {with more complications.} Nb6 15. Nf5 c4 16. Qd2 Nfd7 17. d4) 14... c4 15. dxc4 Bxe4 16. Nxe7+ (16. Nxd6 Bxd6 17. Qxd6 Nc5 $15) 16... Qxe7 17. cxb5 axb5 18. Bg5 {[#] Hoping for Rxe4!} Nc5 19. Ba2 h6 20. Bh4 g5 21. Bg3 Bh7 22. Qe2 Kg7 $36 {[%mdl 2048] Black fights for an advantage.} 23. Rad1 (23. Qxb5 Nd3 24. Re3 Rb8 $17) 23... Nfe4 $1 24. Rd5 (24. Qxb5 f5 25. b4 Nxc3 $17) (24. h3 $11) 24... f5 {Strongly threatening ...f4.} ({Don't play} 24... Nxg3 $6 25. hxg3 f5 26. Rdd1 $11 (26. Qxb5 Bg8 $17)) 25. Rxe5 ({White should try} 25. Rxd6 $1 $15 Nxd6 26. Qxe5+ Qxe5 27. Bxe5+ Rf6 28. Rd1) 25... dxe5 $19 26. Bxe5+ Nf6 27. Qxb5 Nce4 28. Bd4 Rfd8 29. h3 Rb8 30. Qe2 Bg8 (30... Re8 $17 {White must now prevent ...Qd6.} 31. b4 Qd6) 31. Bb1 $15 Qb7 32. b4 {[%cal Bb2b4,Bb4b5][%mdl 32]} Re8 {aiming for ...Nxc3!} 33. c4 {[#]} Qc6 (33... Qa6 $1 $17 34. b5 Qd6) 34. Qb2 $11 Rbd8 (34... Kh7 $1 $11 {remains equal.}) 35. c5 ({White should play} 35. b5 $16 Qe6 36. b6) 35... Qe6 $14 36. b5 Kf8 $2 {[%mdl 8192]} (36... Qb3 $1 $11 37. Qa1 Kg6 38. Bxf6 Nxf6 39. Rxe8 Rxe8 40. Bxf5+ Kg7) 37. c6 $18 g4 $2 (37... Bf7 {keeps fighting.} 38. c7 (38. Bxe4 Nxe4 39. c7 Rc8 $16) 38... Rc8) 38. hxg4 {White is clearly winning.} fxg4 39. Bxe4 gxf3 40. Bxf6 {[%cal Bd4f6,Bf6g7,Bg7e5][%mdl 32]} Rd6 41. Bg7+ Kf7 42. Be5 1-0

[Event "4th Shamkir Chess 2017"]
[Site "Shamkir"]
[Date "2017.04.24"]
[Round "4"]
[White "Mamedyarov, Shakhriyar"]
[Black "Radjabov, Teimour"]
[Result "1/2-1/2"]
[WhiteElo "2772"]
[BlackElo "2710"]
[Annotator "TA"]
[PlyCount "47"]
[EventDate "2017.??.??"]
[EventType "tourn"]
[EventCountry "AZE"]
[SourceTitle "playchess.com"]
[Source "ChessBase"]
[SourceQuality "1"]

{[%evp 34,47,14,9,16,18,39,41,45,0,35,0,40,0,33,0]} 1. d4 Nf6 2. c4 g6 3. Nc3 Bg7 4. e4 d6 5. Nf3 O-O 6. Be2 e5 7. O-O exd4 8. Nxd4 Re8 9. f3 Nc6 10. Be3 Nh5 11. Qd2 Nf4 12. Rfd1 Nxd4 13. Bxd4 Bxd4+ 14. Qxd4 Nxe2+ {E94: King's Indian: Classical: 6 Be2 e5 7 0-0: Various Black 7th moves} 15. Nxe2 b6 16. Nc3 Bb7 17. Nd5 Bxd5 18. cxd5 {LiveBook: 18 Games} Qg5 19. Rac1 {[#]} Rac8 $146 (19... Re7 20. Qd2 Qe5 21. Qd4 Qg5 22. Qd2 Qe5 23. Qd4 Qg5 24. Qd2 {½-½ (24) Ragger,M (2655)-Rapport,R (2621) Austria 2013}) 20. Qd2 Qe5 21. Qd4 Qg5 22. Qd2 Qe5 23. Qd4 Qg5 24. Qd2 1/2-1/2

[Event "4th Shamkir Chess 2017"]
[Site "Shamkir"]
[Date "2017.04.24"]
[Round "4"]
[White "Adams, Michael"]
[Black "Eljanov, Pavel"]
[Result "1/2-1/2"]
[WhiteElo "2761"]
[BlackElo "2751"]
[Annotator "TA"]
[PlyCount "83"]
[EventDate "2017.??.??"]
[EventType "tourn"]
[EventCountry "AZE"]
[SourceTitle "playchess.com"]
[Source "ChessBase"]
[SourceQuality "1"]

{[%evp 20,83,24,18,23,30,20,10,5,0,9,16,22,-7,27,34,35,9,9,9,8,0,0,0,43,39,40,39,64,22,39,47,33,0,0,0,0,0,0,0,0,0,0,0,0,0,0,0,12,13,201,0,0,0,0,0,0,0,0,0,0,0,0,0,0,0]} 1. e4 e5 2. Nf3 Nc6 3. Bc4 Bc5 4. O-O Nf6 5. d3 d6 6. c3 a6 7. a4 {C54: Giuoco Piano: 4 c3 Nf6, main lines with 5 d4 and 5 d3} Ba7 8. Na3 h6 9. Nc2 O-O (9... Qe7 10. Be3 Be6 11. Bxe6 Qxe6 12. Bxa7 Rxa7 13. d4 Ne7 14. Nd2 O-O {½-½ (38) So,W (2808)-Eljanov,P (2755) Wijk aan Zee 2017}) 10. Be3 Bxe3 11. Nxe3 {LiveBook: 4 Games} Be6 12. Bxe6 fxe6 13. a5 d5 14. Qb3 $146 (14. Qe2 Qd6 {½-½ (89) Vazquez,G (2437)-Baryshpolets,A (2584) Kenner 2016}) 14... Qd6 15. exd5 exd5 16. c4 Kh7 17. Nxd5 Rad8 {[%cal Rf6d5,Ba8d8,Bd8d6,Bd6g6][%mdl 32]} 18. Qxb7 Nxd5 19. cxd5 Qxd5 20. Rac1 {[%cal Ba1c1,Bc1c3,Bc3e3][%mdl 32]} (20. Qxa6 $2 Rxf3 21. Qc4 (21. gxf3 $2 Qxf3 22. h3 Rd6 $19) 21... Rxd3 22. Qxd5 R3xd5 $19) 20... Rd6 {[#] And now ...Rxf3 would win.} 21. Nd2 Rg6 {[%csl Gg6][%cal Rd5g2]} 22. Ne4 $1 Qxd3 23. Ng3 Nd4 {aiming for ...Rxg3!} ({Don't go for} 23... Nxa5 $2 24. Qb4 (24. Qxc7 Nb3 $14) 24... Rf7 25. Qxa5 $18) 24. Rc3 Ne2+ 25. Nxe2 Qxe2 26. Re3 Qd2 {Black wants to play ...Rxf2!} 27. Qe4 Qxb2 28. Rg3 Rff6 29. Rxg6 Rxg6 $11 {[%mdl 4096] Endgame KQR-KQR} 30. g3 Qd4 31. Qf5 Qd5 32. Re1 Qxa5 33. Rxe5 Qa1+ 34. Kg2 Qc1 $2 {[#]} (34... Qa4 $1 $11 {and Black has nothing to worry.}) 35. h4 $2 ({White should try} 35. Re6 $1 $18 Qg5 36. Qd3) 35... Qc6+ {The position is equal.} 36. Kg1 Qf6 37. Qe4 {h5 is the strong threat.} Qc6 38. Qd3 Kh8 39. Qd8+ Kh7 40. Qd3 {Strongly threatening h5.} Kh8 41. Qd8+ Kh7 42. Qd3 1/2-1/2

[Event "4th Shamkir Chess 2017"]
[Site "Shamkir"]
[Date "2017.04.24"]
[Round "4"]
[White "Wojtaszek, Radoslaw"]
[Black "Karjakin, Sergey"]
[Result "1/2-1/2"]
[WhiteElo "2745"]
[BlackElo "2783"]
[Annotator "TA"]
[PlyCount "50"]
[EventDate "2017.??.??"]
[EventType "tourn"]
[EventCountry "AZE"]
[SourceTitle "playchess.com"]
[Source "ChessBase"]
[SourceQuality "1"]

{[%evp 23,50,26,27,12,19,16,13,9,8,9,9,9,9,7,3,6,7,7,93,0,0,0,0,0,0,0,0,0,0]} 1. d4 Nf6 2. c4 e6 3. Nf3 d5 4. Nc3 c5 5. cxd5 Nxd5 6. g3 Nc6 7. Bg2 cxd4 8. Nxd4 Nxc3 9. bxc3 Nxd4 10. Qxd4 Qxd4 11. cxd4 Bd6 12. a4 {D41: Queen's Gambit Declined: Semi-Tarrasch with 5 cxd5} Rb8 {LiveBook: 7 Games} 13. Ba3 (13. a5 Bd7 14. Be3 a6 15. Rb1 Bb5 16. d5 Bc7 17. Ra1 exd5 18. Bxd5 O-O 19. O-O Bxe2 {½-½ (34) Wang,Y (2730)-Leko,P (2712) Danzhou 2016}) 13... Ke7 14. Bxd6+ Kxd6 15. Kd2 Bd7 16. Rhc1 Rhc8 17. a5 $146 (17. Rxc8 Rxc8 18. Bxb7 Rc4 19. a5 Rxd4+ {0-1 (40) Alekhine,A-Euwe,M Netherlands 1937}) 17... Rxc1 18. Rxc1 $11 {[%mdl 4096] Endgame KRB-KRB} b6 19. axb6 Rxb6 20. Ra1 Rb2+ {[#]} (20... a6 $11 {remains equal.}) 21. Kd1 (21. Kd3 $1 $16) 21... Rb4 {The position is equal.} ({Reject} 21... Bb5 $6 22. Rxa7 g5 23. Rxf7 $16) 22. Ra6+ Ke7 23. Rxa7 Rxd4+ 24. Ke1 Ra4 25. Rxa4 Bxa4 1/2-1/2